100 Rappers, Ranked - Statistics

General Stats
  • This quiz has been taken 56 times
    25 since last reset
  • The average score is 39 of 100
Answer Stats
# Song Rapper(s) % Correct
3 All Eyez On Me (with Big Syke) 2Pac
95%
6 Nuthin But A "G" Thang (with Snoop Dogg) Dr. Dre
95%
4 Lose Yourself Eminem
95%
7 It Was A Good Day Ice Cube
95%
2 HUMBLE Kendrick Lamar
95%
10 Empire State of Mind (with Alicia Keys) JAY-Z
91%
5 NY State Of Mind Nas
91%
9 Drop It Like It's Hot (with Pharrell Williams) Snoop Dogg
91%
1 Juicy The Notorious BIG
91%
25 God's Plan Drake
82%
8 Hey Ya! (in OutKast) André 3000
77%
39 Mask Off Future
77%
13 Middle Child J. Cole
73%
48 Lucid Dreams Juice WRLD
73%
11 Forever (with Drake, Lil Wayne, Eminem) Kanye West
73%
12 Lollipop (with Static Major) Lil Wayne
73%
37 EARFQUAKE Tyler, the Creator
73%
16 Boyz-n-the-Hood Eazy-E
68%
34 SICKO MODE (with Drake) Travis Scott
68%
15 PIMP 50 Cent
64%
36 This Is America Childish Gambino
64%
80 Love Sosa Chief Keef
59%
42 Day n Nite Kid Cudi
59%
23 Doomsday MF DOOM
59%
61 Jocelyn Flores XXXTENTACION
59%
51 rockstar (with Post Malone) 21 Savage
55%
65 Fuckin Problems (with A$AP Rocky, Kendrick Lamar, and Drake) 2 Chainz
55%
85 Gangsta's Paradise (with LV) Coolio
55%
24 Fuckin Problems (with Kendrick Lamar, Drake, and 2 Chainz) A$AP Rocky
50%
30 Doo Wop (That Thing) Lauryn Hill
50%
89 Drip Too Hard (with Gunna) Lil Baby
50%
71 Bad and Boujee (with Migos) Lil Uzi Vert
50%
45 Black and Yellow Wiz Khalifa
50%
75 Ms. Jackson (in OutKast) Big Boi
45%
18 Ruff Rider's Anthem DMX
45%
17 CREAM (in Wu-Tang Clan) Method Man
45%
97 Magnolia Playboi Carti
45%
14 Paid In Full (in Eric B & Rakim) Rakim
45%
63 Collard Greens (with Kendrick Lamar) Schoolboy Q
45%
26 Twinz (with Fat Joe) Big Pun
41%
35 Till I Collapse (with Eminem) Nate Dogg
41%
64 Hot In Herre Nelly
41%
95 Bad and Boujee (in Migos, with Lil Uzi Vert) Offset
36%
67 Regulate (with Nate Dogg) Warren G
36%
57 I Don't Fuck Wit You (with E-40) Big Sean
32%
20 CREAM (in Wu-Tang Clan) Ghostface Killah
32%
66 YEAH! (with Usher and Lil Jon) Ludacris
32%
56 Dreams and Nightmares (Intro) Meek Mill
32%
60 Get Ur Freak On Missy Elliott
32%
87 Shook Ones, Pt. II (in Mobb Deep) Prodigy
32%
84 Congratulations (with Post Malone) Quavo
32%
77 Slow Jamz Twista
32%
94 Plain Jane A$AP Ferg
27%
49 Ultimate Denzel Curry
27%
79 I Don't Fuck Wit You (with Big Sean) E-40
27%
78 Fuel (with Eminem) JID
27%
100 Freaky Friday (with Chris Brown) Lil Dicky
27%
43 Homicide (with Eminem) Logic
27%
40 Check the Rhime (in A Tribe Called Quest) Q-Tip
27%
22 CREAM (in Wu-Tang Clan) RZA
27%
52 How We Do The Game
27%
98 Gettin Jiggy Wit It Will Smith
27%
29 I Know What You Want (with Mariah Carey and Flipmode Squad) Busta Rhymes
23%
33 Respiration (in Black Star, with Common) Mos Def
23%
83 Fight Music (in D12) Proof
23%
50 Mercy Pusha T
23%
93 Bugatti (with Future and Ace Hood) Rick Ross
23%
69 Lighters (in Bad Meets Evil) Royce da 5'9"
23%
90 Low (with Flo Rida) T-Pain
23%
41 Bitch Please II (with Eminem, Dr. Dre, Snoop Dogg, and Nate Dogg) Xzibit
23%
44 I'm the One (with Justin Bieber, DJ Khaled, Quavo, and Lil Wayne) Chance the Rapper
18%
38 CREAM (in Wu-Tang Clan) GZA
18%
68 Lucky You (with Eminem) Joyner Lucas
18%
27 CREAM (in Wu-Tang Clan) Raekwon
18%
21 Da Rockwilder Redman
18%
47 Children's Story Slick Rick
18%
82 Whatever You Like TI
18%
88 Best Friend Young Thug
18%
19 Ebonics Big L
14%
76 The Message (in Grandmaster Flash and the Furious Five) Grandmaster Flash
14%
46 THE REV3NGE Joey Bada$$
14%
55 Sound of Da Police KRS-One
14%
32 CREAM (in Wu-Tang Clan) Ol' Dirty Bastard
14%
28 Damn It Feels Good to Be A Gangster (in Geto Boys) Scarface
14%
86 Respiration (in Black Star, with Common) Talib Kweli
14%
92 Thought vs. Everybody Black Thought
9%
74 It's Like That (in Run-DMC) DMC
9%
70 Colors Ice-T
9%
99 CREAM (in Wu-Tang Clan) Inspectah Deck
9%
31 Rock the Bells LL Cool J
9%
53 The Weekend Mac Miller
9%
91 Like A Soccer Mom Ski Mask the Slump God
9%
59 Ain't No Half Steppin Big Daddy Kane
5%
62 Testify Common
5%
72 Wasted (with Plies) Gucci Mane
5%
96 Alone With Me Hopsin
5%
73 It's A Set Up Kurupt
5%
81 I'm A Player Too $hort
5%
54 It's Like That Run-DMC
0%
58 Like I Ain't Tech N9ne
0%
No matching quizzes found
Score Distribution
Percent of People with Each Score
Percentile by Number Answered
Your Score History
You have not taken this quiz since the last reset